Inside no 10 downing street

Bibliographic Details
Main Author: Beavan, John
Format: Book
Published: East Sussex : Priory Press Limited , 1978
Subjects:

MARC

LEADER 00000cam a2200000 7i4500
001 0000008998
002 000009800
005 20000330.0
020 |a 085078204X 
090 0 0 |a 725.1702   |b BEA 
100 1 |a Beavan, John 
245 1 0 |a Inside no 10 downing street   |c John Beavan 
260 |a East Sussex :   |b Priory Press Limited ,   |c 1978 
300 |a 80p. :   |b ill. ;   |c 24cm. 
650 0 0 |a Architecture and history 
999 |a 0003159   |b BUKU   |c PINJAMAN   |e PERPUSTAKAAN KOMUNITI PETALING JAYA